[Event "Winnipeg TNT September op"]
[Site "Winnipeg"]
[Date "2009.09.01"]
[Round "1"]
[White "Zaczek, Jonathon"]
[Black "Lipic, Stephen"]
[Result "1-0"]
[WhiteElo "2126"]
[BlackElo "1718"]
[PlyCount "125"]
[EventDate "2009.09.01"]
[EventType "swiss"]
[EventRounds "4"]
[EventCountry "CAN"]
[SourceTitle "EXT 2011"]
[Source "ChessBase"]
[SourceDate "2010.11.26"]
[SourceVersion "1"]
[SourceVersionDate "2010.11.26"]
[SourceQuality "1"]

1. e4 c6 2. d4 d5 3. e5 Bf5 4. Bd3 Bxd3 5. Qxd3 e6 6. Nf3 h6 7. 0-0 Ne7 8. c4 dxc4 9. Qxc4 Nd5 10. Nc3 Nd7 11. Ne4 N7b6 12. Qe2 Be7 13. Be3 Rc8 14. Rac1 0-0 15. Rfd1 Nxe3 16. fxe3 Nd5 17. Nfd2 Bg5 18. Nc4 b5 19. Nxg5 Qxg5 20. Nd6 Qxe3+ 21. Qxe3 Nxe3 22. Nxc8 Rxc8 23. Rd3 Nd5 24. Rb3 Rc7 25. Rc5 Kf8 26. a4 bxa4 27. Rb8+ Ke7 28. Ra5 Nb6 29. Rg8 g6 30. Rh8 h5 31. Rb8 Kd7 32. Kf2 Ke7 33. Kf3 f6 34. Rh8 fxe5 35. dxe5 Nc4 36. Rh7+ Kd8 37. Rxc7 Kxc7 38. Rxa4 Nxb2 39. Rxa7+ Kb6 40. Re7 Kc5 41. Ke4 Nc4 42. Rxe6 Nd2+ 43. Kd3 Nf1 44. h3 g5 45. Rg6 g4 46. hxg4 hxg4 47. Rxg4 Kd5 48. Ke2 Nh2 49. Rh4 Nf3 50. gxf3 Kxe5 51. Rc4 Kd5 52. Rc1 c5 53. Ke3 c4 54. f4 Kc5 55. Ke4 Kd6 56. f5 Kc5 57. Ke5 Kb4 58. f6 Kb3 59. f7 c3 60. f8Q Kb2 61. Qb4+ Ka2 62. Qa4+ Kb2 63. Rc2+ 1-0